Najbardziej demokratyczne państwa z wyjątkami - Statystyki

Ogólne statystyki
  • Ten quiz został rozwiązany 5 196 razy
  • Średni wynik to 7 z 16
Statystyki odpowiedzi
Wynik Państwo Wzrost/spadek % Poprawnych
7.92 Stany Zjednoczone - 0.04
98%
9.24 Kanada + 0.02
91%
8.13 Japonia + 0.14
82%
8.96 Australia - 0.13
79%
8.01 Korea Południowa + 0.01
72%
9.25 Nowa Zelandia - 0.01
71%
8.28 Chile + 0.20
42%
8.94 Tajwan + 1.21
41%
7.84 Izrael - 0.02
39%
7.19 Malezja + 0.03
26%
8.61 Urugwaj + 0.23
26%
7.56 Cypr - 0.03
20%
8.16 Kostaryka + 0.03
14%
7.62 Botswana - 0.19
7%
8.14 Mauritius - 0.08
7%
7.65 Republika Zielonego Przylądka - 0.13
5%
Nie znaleziono quizów pasujących do podanych kryteriów
Rozkład punktacji
Procent ludzi z każdym wynikiem
Percentyl według liczby udzielonych odpowiedzi
Twoja historia wyników
Nie rozwiązałeś tego quizu